{"text_format":"3","workbook":"xlsx","n_sheets":2,"sheets":["SUMMARY","MATERIAL TAKE-OFF"],"not_rendered":{"charts":1,"images":3,"defined_names":4},"read":"whole","date_system":"1900"}

{"sheet":"SUMMARY","index":0,"n_rows":20,"n_cols":4,"rows_kept":20,"merged":[[14,0,14,1],[15,0,15,3],[19,0,19,1]]}
[]
["Project ID:"]
[]
["Address:"]
[]
["No. of Floors:",1]
[]
["Building GSF",5120]
[]
["DIVISION NO.","DESCRIPTION","TOTAL DIV. COST","TOTAL DIV. COST (PER SF)"]
[1000,"Overhead and Preliminaries",{"$f":"'MATERIAL TAKE-OFF'!L13","v":{"v":11000,"d":"$11,000"}},{"$f":"C11/$B$8","v":{"v":2.1484375,"d":"$2.15"}}]
[14000,"Exterior Finishes ",{"$f":"'MATERIAL TAKE-OFF'!L27","v":{"v":10892.09709,"d":"$10,892"}},{"$f":"C12/$B$8","v":{"v":2.127362712890625,"d":"$2.13"}}]
[15000,"Flooring and Floor Finishes",{"$f":"'MATERIAL TAKE-OFF'!L40","v":{"v":27210.682149999997,"d":"$27,211"}},{"$f":"C13/$B$8","v":{"v":5.314586357421875,"d":"$5.31"}}]
[16000,"Tiling",{"$f":"'MATERIAL TAKE-OFF'!L50","v":{"v":3974.44517,"d":"$3,974"}},{"v":0.776258822265625,"d":"$0.78"}]
["SUBTOTAL CONSTRUCTION COST",null,{"$f":"SUM(C11:C14)","v":{"v":53077.224409999995,"d":"$53,077"}},{"$f":"SUM(D11:D14)","v":{"v":10.366645392578125,"d":"$10"}}]
[]
["PROFIT",{"v":0.15,"d":"15%"},{"$f":"$C$15*B17","v":{"v":7961.583661499999,"d":"$7,962"}},{"$f":"$D$15*B17","v":1.5549968088867188}]
["TOTAL PROJECT COST",null,{"$f":"C17+C15","v":{"v":61038.808071499996,"d":"$61,039"}},{"$f":"$D$15*B18","v":0}]
["GST",{"v":0.1,"d":"10%"},{"$f":"C18*B19","v":{"v":6103.88080715,"d":"$6,104"}},{"$f":"$D$15*B19","v":{"v":1.0366645392578124,"d":"$1"}}]
["TOTAL PROJECT COST INCL. GST",null,{"$f":"SUM(C18:C19)","v":{"v":67142.68887864999,"d":"$67,143"}},{"$f":"SUM(D15:D19)","v":{"v":12.958306740722655,"d":"$13"}}]

{"sheet":"MATERIAL TAKE-OFF","index":1,"n_rows":67,"n_cols":13,"rows_kept":67,"merged":[[2,6,2,7],[2,8,2,9],[3,6,3,7],[3,8,3,9],[4,6,4,7],[4,8,4,9],[5,6,5,7],[5,8,5,9],[6,6,6,7],[6,8,6,9],[7,6,7,7],[7,8,7,9],[10,1,10,10],[14,1,14,10],[28,1,28,10],[41,1,41,10],[50,0,50,8],[51,0,51,9],[52,0,52,9],[53,0,53,9],[54,0,54,9],[55,0,55,8],[57,1,57,10]]}
[]
[]
["Project: ",{"$f":"SUMMARY!B2","v":0}]
[]
["Address:",{"$f":"SUMMARY!B4","v":0}]
[]
["Scope:","FINISHES"]
[]
["Date:",{"$f":"TODAY()","v":"2025-12-23"}]
["SR #","REF. SHEET #","DESCRIPTION","QUANTITY","UNIT","LABOR RATE","TOTAL LABOUR COST","MATERIAL RATE","TOTAL MATETRIAL COST","EQUIPMENT RATE","TOTAL EQUIPMENT COSTS","SUB COST","NOTE / REMARKS"]
[null,"01. OVERHEAD AND PREMLIMINARIES"]
[1,null,"Overhead and Preliminaries",1,"LS",{"v":4500,"d":"$4,500.00"},{"$f":"D12*F12","v":{"v":4500,"d":"$4,500.00"}},{"v":6500,"d":"$6,500.00"},{"$f":"D12*H12","v":{"v":6500,"d":"$6,500.00"}},{"v":0,"d":"$0.00"},{"$f":"D12*J12","v":{"v":0,"d":"$0.00"}},{"$f":"IF(D12=\"\",\"\",(G12+I12+K12))","v":{"v":11000,"d":"$11,000.00"}}]
[{"$f":"IF(E13=0,\"\",1+MAX(A12:A12))","v":""},{"$nulls":9},"SUBTOTAL",{"$f":"SUM(L11:L12)","v":{"v":11000,"d":"$11,000.00"}}]
[{"$f":"IF(E14=0,\"\",1+MAX(A13:A13))","v":""}]
[{"$f":"IF(E15=0,\"\",1+MAX(#REF!))","v":""},"14. EXTERIOR FINISHES"]
[{"$f":"IF(E16=0,\"\",1+MAX(A15:A15))","v":""},null,"Cladding"]
[{"$f":"IF(E17=0,\"\",1+MAX(A12:A16))","v":2},null,"Horizontal Fiber Cement Weatherboard Cladding\nColor/Model/Style: Prime lock Shado wood Smooth - Weathertex",11.45,"M2",{"v":13.32225,"d":"$13.32"},{"$f":"D17*F17","v":{"v":152.5397625,"d":"$152.54"}},28.65,{"$f":"D17*H17","v":{"v":328.04249999999996,"d":"328.04"}},{"v":0,"d":"$0.00"},{"$f":"D17*J17","v":{"v":0,"d":"$0.00"}},{"$f":"IF(D17=\"\",\"\",(G17+I17+K17))","v":{"v":480.58226249999996,"d":"$480.58"}}]
[{"$f":"IF(E18=0,\"\",1+MAX(A13:A17))","v":3},null,"Lineaboard Cladding",109.75,"M2",{"$f":"0.29*55","v":{"v":15.95,"d":"$15.95"}},{"$f":"D18*F18","v":{"v":1750.5124999999998,"d":"$1,750.51"}},{"v":24.9,"d":"24.90"},{"$f":"D18*H18","v":{"v":2732.7749999999996,"d":"2,732.78"}},{"v":0,"d":"$0.00"},{"$f":"D18*J18","v":{"v":0,"d":"$0.00"}},{"$f":"IF(D18=\"\",\"\",(G18+I18+K18))","v":{"v":4483.287499999999,"d":"$4,483.29"}}]
[4,null,"Decorative Gable Treatment Vertical Battens Over F.C.",8.45,"M2",{"$f":"0.29*55","v":{"v":15.95,"d":"$15.95"}},{"$f":"D19*F19","v":{"v":134.77749999999997,"d":"$134.78"}},{"v":24.9,"d":"24.90"},{"$f":"D19*H19","v":{"v":210.40499999999997,"d":"210.41"}},{"v":0,"d":"$0.00"},{"$f":"D19*J19","v":{"v":0,"d":"$0.00"}},{"$f":"IF(D19=\"\",\"\",(G19+I19+K19))","v":{"v":345.18249999999995,"d":"$345.18"}}]
["",null,"Face Brick"]
[5,null,"Brick Veneer \nBrand: PGH\nSelection: Winter Gold\nBrick Size: Standard  ",94.61,"M2",{"v":15.461250000000001,"d":"$15.46"},{"$f":"D21*F21","v":{"v":1462.7888625,"d":"$1,462.79"}},33.25,{"$f":"D21*H21","v":{"v":3145.7825,"d":"3,145.78"}},{"v":0,"d":"$0.00"},{"$f":"D21*J21","v":{"v":0,"d":"$0.00"}},{"$f":"IF(D21=\"\",\"\",(G21+I21+K21))","v":{"v":4608.5713625,"d":"$4,608.57"}}]
["",null,"Plaster Finish"]
[6,null,"10 mm Exterior Plaster Finish ",13.26,"M2",{"v":3.4642500000000003,"d":"$3.46"},{"$f":"D23*F23","v":{"v":45.935955,"d":"$45.94"}},7.45,{"$f":"D23*H23","v":{"v":98.787,"d":"98.79"}},{"v":0,"d":"$0.00"},{"$f":"D23*J23","v":{"v":0,"d":"$0.00"}},{"$f":"IF(D23=\"\",\"\",(G23+I23+K23))","v":{"v":144.722955,"d":"$144.72"}}]
["",null,"Trims"]
[7,null,"Exterior Trim ",{"v":66.3,"d":"66.30"},"M2",{"v":3.65025,"d":"$3.65"},{"$f":"D25*F25","v":{"v":242.011575,"d":"$242.01"}},7.85,{"$f":"D25*H25","v":{"v":520.4549999999999,"d":"520.46"}},{"v":0,"d":"$0.00"},{"$f":"D25*J25","v":{"v":0,"d":"$0.00"}},{"$f":"IF(D25=\"\",\"\",(G25+I25+K25))","v":{"v":762.4665749999999,"d":"$762.47"}}]
[8,null,"Fiber Cement Vertical Corner Trims",4.54,"M2",{"v":7.37025,"d":"$7.37"},{"v":33.460935,"d":"$33.46"},7.45,{"v":33.823,"d":"33.82"},{"v":0,"d":"$0.00"},{"v":0,"d":"$0.00"},{"v":67.283935,"d":"$67.28"}]
[{"$f":"IF(E27=0,\"\",1+MAX(A15:A26))","v":""},{"$nulls":9},"SUBTOTAL",{"$f":"SUM(L15:L26)","v":{"v":10892.09709,"d":"$10,892.10"}}]
[{"$f":"IF(E28=0,\"\",1+MAX(A15:A27))","v":""}]
[{"$f":"IF(E29=0,\"\",1+MAX(A16:A28))","v":""},"15. FLOORING & FLOOR FINISHES"]
[{"$f":"IF(E30=0,\"\",1+MAX(A19:A29))","v":""},null,"Wood Flooring"]
[{"$f":"IF(E31=0,\"\",1+MAX(A26:A30))","v":9},null,"(TFB01) Timber Flooring",75.05,"M2",{"v":20.4,"d":"$20.40"},{"$f":"D31*F31","v":{"v":1531.0199999999998,"d":"$1,531.02"}},{"v":44.6,"d":"44.60"},{"$f":"D31*H31","v":{"v":3347.23,"d":"3,347.23"}},{"v":0,"d":"$0.00"},{"$f":"D31*J31","v":{"v":0,"d":"$0.00"}},{"$f":"IF(D31=\"\",\"\",(G31+I31+K31))","v":{"v":4878.25,"d":"$4,878.25"}}]
[10,null,"Engineered Timber Flooring",56.83,"M2",{"v":35.75,"d":"$35.75"},{"$f":"D32*F32","v":{"v":2031.6725,"d":"$2,031.67"}},{"v":48.5,"d":"48.50"},{"$f":"D32*H32","v":{"v":2756.255,"d":"2,756.26"}},{"v":0,"d":"$0.00"},{"$f":"D32*J32","v":{"v":0,"d":"$0.00"}},{"$f":"IF(D32=\"\",\"\",(G32+I32+K32))","v":{"v":4787.9275,"d":"$4,787.93"}}]
[11,null,"Mixed Species Hardwood Flooring",56.96,"M2",{"v":35.75,"d":"$35.75"},{"$f":"D33*F33","v":{"v":2036.32,"d":"$2,036.32"}},{"v":48.5,"d":"48.50"},{"$f":"D33*H33","v":{"v":2762.56,"d":"2,762.56"}},{"v":0,"d":"$0.00"},{"$f":"D33*J33","v":{"v":0,"d":"$0.00"}},{"$f":"IF(D33=\"\",\"\",(G33+I33+K33))","v":{"v":4798.88,"d":"$4,798.88"}}]
["",null,"Carpet"]
[12,null,"(CPT01) Carpet Flooring",75.44,"M2",{"v":17.5,"d":"$17.50"},{"v":1320.2,"d":"$1,320.20"},{"v":29.4,"d":"29.40"},{"v":2217.9359999999997,"d":"2,217.94"},{"v":0,"d":"$0.00"},{"v":0,"d":"$0.00"},{"v":3538.1359999999995,"d":"$3,538.14"}]
["",null,"Vinyl Flooring"]
[13,null,"Vinyl Planks Flooring w/ Hardboard Underlayment",95.74,"M2",{"v":19.2975,"d":"$19.30"},{"v":1847.5426499999999,"d":"$1,847.54"},{"v":41.5,"d":"41.50"},{"v":3973.2099999999996,"d":"3,973.21"},{"v":0,"d":"$0.00"},{"v":0,"d":"$0.00"},{"v":5820.752649999999,"d":"$5,820.75"}]
["",null,"Sealed Concrete Flooring"]
[14,null,"Sealed Concrete Flooring @ Garage",97.32,"M2",{"v":13.4,"d":"$13.40"},{"v":1304.088,"d":"$1,304.09"},{"v":21.4,"d":"21.40"},{"v":2082.6479999999997,"d":"2,082.65"},{"v":0,"d":"$0.00"},{"v":0,"d":"$0.00"},{"v":3386.736,"d":"$3,386.74"}]
[{"$f":"IF(E40=0,\"\",1+MAX(A28:A39))","v":""},{"$nulls":9},"SUBTOTAL",{"$f":"SUM(L29:L39)","v":{"v":27210.682149999997,"d":"$27,210.68"}}]
[{"$f":"IF(E41=0,\"\",1+MAX(A29:A40))","v":""}]
[{"$f":"IF(E42=0,\"\",1+MAX(A30:A41))","v":""},"16. TILING"]
[{"$f":"IF(E43=0,\"\",1+MAX(A38:A42))","v":""},null,"Wall Tiling"]
[15,null,"Ceramic Tiles Or Other Approved Impaervious Material @ Wall (H=2900mm)",{"$f":"2.7*2.9","v":7.83},"M2",{"v":41.25,"d":"$41.25"},{"$f":"D44*F44","v":{"v":322.9875,"d":"$322.99"}},{"v":71,"d":"71.00"},{"$f":"D44*H44","v":555.93},{"v":0,"d":"$0.00"},{"$f":"D44*J44","v":{"v":0,"d":"$0.00"}},{"$f":"IF(D44=\"\",\"\",(G44+I44+K44))","v":{"v":878.9175,"d":"$878.92"}}]
[16,null,"Ceramic Tiles Or Other Approved Impervious Material @ Wall (H=1800mm)",{"$f":"9.17*1.8","v":{"v":16.506,"d":"16.51"}},"M2",{"v":41.25,"d":"$41.25"},{"$f":"D45*F45","v":{"v":680.8725000000001,"d":"$680.87"}},{"v":71,"d":"71.00"},{"$f":"D45*H45","v":{"v":1171.926,"d":"1,171.93"}},{"v":0,"d":"$0.00"},{"$f":"D45*J45","v":{"v":0,"d":"$0.00"}},{"$f":"IF(D45=\"\",\"\",(G45+I45+K45))","v":{"v":1852.7984999999999,"d":"$1,852.80"}}]
["",null,"Floor Tiling"]
[17,null,"Tile Flooring",10.08,"M2",{"v":41.25,"d":"$41.25"},{"v":415.8,"d":"$415.80"},{"v":71,"d":"71.00"},715.68,{"v":0,"d":"$0.00"},{"v":0,"d":"$0.00"},{"v":1131.48,"d":"$1,131.48"}]
["",null,"Tile Splash Back"]
[18,null,"300 MM High Tile Splash back",1.72,"M2",{"v":20.52975,"d":"$20.53"},{"v":35.31117,"d":"$35.31"},44.15,{"v":75.938,"d":"75.94"},{"v":0,"d":"$0.00"},{"v":0,"d":"$0.00"},{"v":111.24916999999999,"d":"$111.25"}]
[{"$f":"IF(E50=0,\"\",1+MAX(#REF!))","v":""},{"$nulls":9},"SUBTOTAL",{"$f":"SUM(L42:L49)","v":{"v":3974.44517,"d":"$3,974.45"}}]
[]
["SUBTOTAL CONSTRUCTION COST",{"$nulls":10},{"$f":"SUM(L11:L51)/2","v":{"v":53077.22440999999,"d":"$53,077"}}]
["PROFIT",{"$nulls":9},{"v":0.15,"d":"15%"},{"$f":"$L$52*K53","v":{"v":7961.583661499998,"d":"$7,962"}}]
["TOTAL PROJECT COST",{"$nulls":10},{"$f":"L52+L53","v":{"v":61038.80807149999,"d":"$61,039"}}]
["GST",{"$nulls":9},{"v":0.1,"d":"10%"},{"$f":"L54*K55","v":{"v":6103.880807149999,"d":"$6,104"}}]
["TOTAL PROJECT COST INCL. GST",{"$nulls":10},{"$f":"L54+L55","v":{"v":67142.68887864999,"d":"$67,143"}}]
["NOTES:"]
[null,"General Notes: The prices used while preparing the estimate were taken from Cordell Platinum online i.e. the standard pricing. So, it is preferred to review the prices."]
[]
[null,null,"Note",{"$nulls":5},"Legend"]
[null,1,"The drawings are scaled as per the mentioned scales on the plans.",{"$nulls":5},"KG's = Kilogram"]
[{"$nulls":8},"M2= Meter Square "]
[{"$nulls":8},"M = Meter"]
[{"$nulls":8},"EA = Each"]
[{"$nulls":8},"M3 = Meter Cube "]
[{"$nulls":8},"LOC = Location"]
[{"$nulls":8},"LS = Lum Sum"]